The essentials of prayer. (Record no. 16325)

000 -LEADER
fixed length control field 00510nam a2200181 a 4500
001 - CONTROL NUMBER
control field :::00019191$&:&@@
003 - CONTROL NUMBER IDENTIFIER
control field OkBaRHE
005 - DATE AND TIME OF LATEST TRANSACTION
control field 20010214112445.0
008 - FIXED-LENGTH DATA ELEMENTS--GENERAL INFORMATION
fixed length control field s1925 j 000 0 eng u
040 ## - CATALOGING SOURCE
Transcribing agency
100 1# - MAIN ENTRY--PERSONAL NAME
Personal name Bounds, Edward M.
245 14 - TITLE STATEMENT
Title The essentials of prayer.
260 ## - PUBLICATION, DISTRIBUTION, ETC. (IMPRINT)
Place of publication, distribution, etc New York
Name of publisher, distributor, etc Fleming H. Revell Company
Date of publication, distribution, etc 1925
300 ## - PHYSICAL DESCRIPTION
Extent 143 p.
650 ## - SUBJECT ADDED ENTRY--TOPICAL TERM
Topical term or geographic name as entry element Prayer
942 ## - ADDED ENTRY ELEMENTS (KOHA)
Source of classification or shelving scheme
Koha item type Books
Copies
Damaged status Lost status Withdrawn status Permanent Location Barcode Koha item type Price effective from Source of classification or shelving scheme Not for loan Date last seen Date acquired Full call number Copy number Shelving location
   RHEMA Bible Training College19191Books2010-04-14  2010-04-142010-04-14BV 210 .B61General Stacks